[Event "Autumn Cup"]
[Site "Wellington Chess Club"]
[Date "2022.06.02"]
[Round "3.3"]
[White "Miller, Jackson"]
[Black "Webster, Jamie"]
[Result "0-1"]
[WhiteElo "1312"]
[BlackElo "1761"]

1. e4 e5 2. Nf3 Nc6 3. d4 exd4 4. Nxd4 Nf6 5. Nxc6 bxc6 6. e5 Qe7 7. Qe2 Nd5 8.
c4 Ba6 9. Nd2 g6 10. Nf3 { I was pleased to have remembered this correctly, it
has been a while since I have had this line. } 10... Qb4+ 11. Qd2 { I spent 10
minutes trying to figure out if Kd1 is the move here. I couldn't remember
whether this was the line I had seen it in. It was. } 11... Bxc4 12. Qxb4 Bxb4+
{ For some reason, I thought that Nb4 (threatening Nc2 check) was imminent and
I completely underestimated this move. I get to play the rest of the game down
a pawn. } 13. Bd2 Bxd2+ 14. Nxd2 Bxf1 15. Rxf1 O-O 16. O-O-O Rab8 17. Nc4 Rb4
18. b3 { After I played it, I thought this gives up the exchange after ...Nc3.
However, I calmed myself after seeing that the Knight gets trapped after Rxd7
and Nxa2 with Kb2. Lucky. The king will be weak forever, but hopefully the
absence of pieces on the board would have saved me from a humiliating
checkmate.   [%cal Gd5c3] } 18... Rd8 { Luckily Black doesn't see. This move
surprised me a little. I didn't think it was best. } 19. Kb2 { Finally stopping
Nc3 shenanigans (I think!) } 19... Rdb8 { A better place for the rook,
probably. } 20. Rc1 { Let's not allow Rxc4 with a free Knight. } 20... Kf8 { I
was sure f6 was coming. I was waiting for a long time and it never came.
Liquidating the e5 pawn (my strongest piece?!) would have been a priority for
me if I was playing black, I think. } 21. f4 { Possibly my longest think of the
game. Time to get things moving on the kingside. } 21... Ke7 22. g3 h5 23. h3 {
Never did I in my wildest dreams imagine I could enjoy a pawn down endgame this
much! } 23... Ke6 24. g4 hxg4 25. hxg4 Rh8 26. f5+ gxf5 27. gxf5+ Ke7 28. e6 {
Another long think. I definitely thought the tactics would work out for me
here. } 28... fxe6 29. fxe6 dxe6 30. Ne5 { Two juicy fork squares and I am sure
I am at least getting the pawn back. } 30... Rh2+ 31. Ka3 { In hindsight, this
seems like a mistake. I did not take Ka1 seriously enough as a move here.
Didn't spend enough time. Suddenly I have to change plan because I might get
mated. } 31... Rb6 32. Rxc6 { Not 32. Nxc6+ when after Kd7 or some such move it
is hard or impossible to escape mate with Ra6. } 32... Rxa2+ { And this sneaky
move is the beginning of the end. I thought this was a blunder for a hot
minute. But of course, Black winds up with two extra pawns and wins the game.
When I played 30. Ne5, this was not the intended outcome. Would 31. Ka1 have
kept chances? } 33. Kxa2 Nb4+ 34. Kb2 Nxc6 { Of course I wasted a little time
checking Rf7+ here, going under 10 minutes. But White is done. } 35. Nc4 Rb5
36. Rh1 Rf5 37. Rh7+ { Deciding that checking whether my opponent can
coordinate the Knight with the pawns is a better bet than playing with rooks on
(likely the objectively better choice). } 37... Rf7 38. Rxf7+ Kxf7 39. Kc3 Kf6
40. Kd3 Ne5+ { Oh. Well that is the plan scuppered. White resigns. } 0-1

[Event "Autumn Cup"]
[Site "Wellington Chess Club"]
[Date "2022.06.02"]
[Round "3.3"]
[White "Pomeroy, Arthur"]
[Black "Tanoi, Edward"]
[Result "1-0"]
[WhiteElo "1987"]
[BlackElo "2045"]

1. e4 c5 2. Nf3 Nc6 3. d4 cxd4 4. Nxd4 e5 5. Nb5 d6 6. N1c3 a6 7. Na3 Be7 8.
Nd5 Nf6 9. Nxe7 Qxe7 10. Bd3 O-O 11. O-O Be6 12. Bg5 h6 13. Bxf6 Qxf6 14. Nc4
Bxc4 15. Bxc4 Rab8 16. a4 Rfc8 17. c3 Ne7 18. Qd3 Ng6 19. g3 Rd8 20. Kh1 Ne7
21. f4 Kh8 22. fxe5 Qxe5 23. Rxf7 d5 24. exd5 Rd6 25. Raf1 Kg8 26. Qf3 b5 27.
axb5 axb5 28. Rf8+ Rxf8 29. Qxf8+ Kh7 30. Bd3+ Ng6 31. Bxg6+ Rxg6 32. Qf5 Qd6
33. Re1 Qa6 34. Re6 Qa1+ 35. Kg2 1-0

[Event "Autumn Cup"]
[Site "Wellington Chess Club"]
[Date "2022.06.02"]
[Round "3.3"]
[White "Sole, Michael"]
[Black "Ker, Anthony"]
[Result "1/2-1/2"]
[WhiteElo "2095"]
[BlackElo "2443"]

1. e4 c5 2. Nf3 g6 3. d4 cxd4 4. Nxd4 Bg7 5. c4 Qb6 6. Nb3 Nc6 7. Be3 Qc7 8.
Qd2 Nf6 9. f3 O-O 10. Nc3 d6 11. Be2 Be6 12. Rc1 Rfc8 13. O-O Na5 14. Nb5 Nxb3
15. axb3 Qb8 16. Bd4 Bd7 17. Nc3 Bc6 18. b4 b6 19. Rfe1 Re8 20. Qd3 Qb7 21. Bd1
Rad8 22. b5 Bd7 23. f4 e5 24. Be3 exf4 25. Bxf4 Be6 26. Bf3 Qc7 27. b3 Nd7 28.
Qxd6 Qxd6 29. Bxd6 Bd4+ 30. Kf1 Nc5 31. Bxc5 Bxc5 32. Nd5 Bxd5 33. exd5 Bb4 34.
Re2 Kf8 35. Rcc2 Rxe2 36. Rxe2 Re8 37. Rxe8+ Kxe8 1/2-1/2

[Event "Autumn Cup"]
[Site "Wellington Chess Club"]
[Date "2022.06.02"]
[Round "3.4"]
[White "Ashe, Michael"]
[Black "Hupert, Leo"]
[Result "1-0"]
[WhiteElo "1688"]
[BlackElo "1277"]

1. d4 d5 2. c4 Nf6 3. cxd5 Nxd5 4. e4 Nb6 5. Nc3 a6 6. Bd3 Nc6 7. Nge2 e5 8.
Be3 exd4 9. Nxd4 Nxd4 10. Bxd4 Qxd4 11. Bb5+ Qd7 12. Bxd7+ Bxd7 13. O-O O-O-O
14. Qc2 Bd6 15. Rfe1 Be5 16. Rad1 Bxc3 17. Qxc3 g6 18. Rc1 Bc6 19. f3 Rhe8 20.
b3 Nd7 21. Red1 f6 22. a4 Re5 23. b4 g5 24. a5 h5 25. Rd5 Kb8 26. b5 axb5 27.
a6 Nb6 28. Rxd8+ Ka7 29. axb7 Bxb7 30. Qxc7 Ka6 31. Ra1+ Na4 32. Rd6+ Ka7 33.
Qb6+ Ka8 34. Rd8+ Bc8 35. Rxc8# 1-0

[Event "Autumn Cup"]
[Site "Wellington Chess Club"]
[Date "2022.06.02"]
[Round "3.5"]
[White "Hooper, John"]
[Black "Darr, Samuel"]
[Result "0-1"]
[WhiteElo "1181"]
[BlackElo "1581"]

1. d4 d5 2. c4 e6 3. g3 Nf6 4. Bg2 Nbd7 5. Nf3 b6 6. O-O Ba6 7. Bg5 h6 8. Bxf6
Nxf6 9. Nc3 Bxc4 10. Ne5 b5 11. b3 b4 12. bxc4 bxc3 13. Qc2 Bd6 14. Qxc3 Bxe5
15. dxe5 Ne4 16. Qb4 c5 17. Qa4+ Qd7 18. Qxd7+ Kxd7 19. Bxe4 dxe4 20. f4 exf3
21. exf3 Rhd8 22. Rad1+ Ke7 23. f4 Rab8 24. a3 Rxd1 25. Rxd1 Rb3 26. Ra1 Rc3
27. a4 Rxc4 28. a5 g5 29. Rb1 Rb4 30. Rc1 Rb5 31. a6 Ra5 32. Kg2 Kd7 33. Rd1+
Kc7 34. Rd6 c4 35. Rd4 Rc5 36. Rd1 Kb6 37. Kf3 Kxa6 38. Ke3 c3 39. Kd3 Rd5+ 40.
Kc2 Rxd1 41. Kxd1 gxf4 42. gxf4 Kb5 43. Kc2 Kc4 44. h4 a5 45. h5 a4 46. f5 exf5
47. e6 fxe6 48. Kb1 f4 49. Kc2 f3 0-1

[Event "Autumn Cup"]
[Site "Wellington Chess Club"]
[Date "2022.06.02"]
[Round "3.6"]
[White "Jones, Christopher"]
[Black "Asher, Bruce"]
[Result "1-0"]
[WhiteElo "1531"]
[BlackElo "1101"]

1. e4 e5 2. f4 exf4 3. Nf3 Qe7 4. Nc3 Nf6 5. d3 d5 6. Qe2 dxe4 7. dxe4 Be6 8.
Qb5+ Nc6 9. Qxb7 Rb8 10. Qxc6+ Qd7 11. Qxd7+ Nxd7 12. Nd5 Bd6 13. Nxf4 Rb4 14.
Bd3 Bc4 15. c3 Bxd3 16. cxb4 Bxe4 17. Bd2 O-O 18. Kf2 Re8 19. Rhe1 Nf6 20. Re2
Rb8 21. Rae1 Re8 22. Ng5 Ng4+ 23. Kg3 f5 24. Nxe4 g6 25. Nxd6 Rxe2 26. Rxe2
cxd6 27. Re7 a6 28. Ra7 g5 29. Ne6 h5 30. Rg7+ Kh8 31. Rxg5 Nf6 32. Bc3 1-0

[Event "Autumn Cup"]
[Site "Wellington Chess Club"]
[Date "2022.06.02"]
[Round "3.7"]
[White "Mills, Dan"]
[Black "Lynch, Oscar"]
[Result "0-1"]
[WhiteElo "1100"]
[BlackElo "1487"]

1. e4 d5 2. Nc3 d4 3. Nd5 e6 4. Nf4 e5 5. Nd5 c6 6. Bc4 cxd5 7. Bxd5 Nf6 8. Bc4
Nc6 9. d3 Bb4+ 10. Bd2 Bxd2+ 11. Kf1 Bf4 12. Ne2 h5 13. h4 Ng4 14. Nxf4 exf4
15. Qf3 Qf6 16. Re1 Nce5 17. Qd1 g5 18. f3 Ne3+ 19. Rxe3 fxe3 20. Qe1 Nxf3 21.
Bb5+ Kf8 22. Qb4+ Kg7 23. Ke2 Bg4 24. Rf1 Nh2+ 25. Rf3 Bxf3+ 26. gxf3 Qxf3+ 27.
Ke1 Qf1# 0-1

[Event "Autumn Cup"]
[Site "Wellington Chess Club"]
[Date "2022.06.02"]
[Round "3.8"]
[White "Farrington, Lawrence"]
[Black "Mavaram, Eashan"]
[Result "1-0"]
[WhiteElo "1600"]
[BlackElo "1217"]

1. e4 e5 2. Nf3 Nc6 3. Nc3 Nf6 4. Bb5 d6 5. d4 Bd7 6. O-O Be7 7. Bxc6 Bxc6 8.
d5 Bd7 9. h3 h6 10. Re1 O-O 11. b3 c6 12. Bb2 Rc8 13. Rc1 Re8 14. Nb1 Nh5 15.
Nxe5 dxe5 16. Qxh5 Bf6 17. c4 Qb6 18. Rcd1 Qa6 19. Nc3 Qb6 20. Na4 Qc7 21. Nc5
b6 22. Nxd7 Qxd7 23. Rd3 Qe7 24. Qe2 Bg5 25. Red1 c5 26. d6 Qd7 27. Qg4 Qxg4
28. hxg4 Rcd8 29. d7 Re7 30. Rd5 Bf6 31. Kf1 Kh7 32. Ke2 Kg6 33. f3 Kg5 34. g3
h5 35. gxh5 Kxh5 36. f4 Kg4 37. Bxe5 Bxe5 38. Rxe5 Rxe5 39. fxe5 Kxg3 40. Ke3
g5 41. Rg1+ Kh4 42. Rd1 Kg3 43. Rd6 g4 44. Rd2 Kh3 45. Kf2 g3+ 46. Kg1 Kg4 47.
Kg2 Kf4 48. Rd5 Kxe4 49. Kxg3 Kf5 50. Kf3 Ke6 51. Ke4 Rxd7 52. Rxd7 Kxd7 53.
Kf4 Ke7 54. Kf5 Kf8 55. Kf6 Ke8 56. e6 fxe6 57. Kxe6 Kd8 58. Kd6 Kc8 59. Kc6
Kb8 60. a3 Kc8 61. a4 Kb8 62. a5 bxa5 63. Kxc5 Kb7 64. Kb5 Kc7 65. Kxa5 Kc6 66.
b4 Kb7 67. Kb5 a6+ 68. Kc5 Kc7 69. Kd5 Kd7 70. c5 Kc7 71. c6 a5 72. bxa5 Kd8
73. Kd6 Kc8 74. a6 Kb8 75. Kd7 Ka7 76. c7 Kxa6 77. c8=Q+ Kb6 78. Qc1 Kb5 79.
Kd6 Kb4 80. Kd5 Kb3 81. Kd4 Kb4 82. Qb1+ Ka5 83. Kc5 Ka4 84. Qb4# 1-0

[Event "Autumn Cup"]
[Site "Wellington Chess Club"]
[Date "2022.06.02"]
[Round "3.9"]
[White "Qu, Lucas"]
[Black "McConnell, Jack"]
[Result "0-1"]
[WhiteElo "1289"]
[BlackElo "1100"]

1. e4 c5 2. Nf3 e6 3. c4 Nc6 4. Nc3 b6 5. Bd3 Qc7 6. O-O a6 7. Re1 d6 8. Bc2
Bd7 9. d4 cxd4 10. Nxd4 Nge7 11. Nxc6 Nxc6 12. Bf4 Be7 13. Qg4 Bf6 14. Nd5 exd5
15. exd5+ Ne5 16. Qe2 O-O 17. Qe4 g6 18. Bh6 Bg7 19. Bxg7 Kxg7 20. b3 Bf5 21.
Qe2 Bxc2 22. Qxc2 Qc5 23. Kf1 Qd4 24. Rad1 Qh4 25. Kg1 f5 26. g3 Nf3+ 27. Kf1
Qh3+ 28. Ke2 Nxe1 29. Qc3+ Kg8 30. Kxe1 Qxh2 31. Qd4 Rae8+ 32. Kd2 Qh5 33. Qd3
Re4 34. f3 Qh2+ 35. Kc3 Re2 36. Rc1 Rxa2 37. Qe3 Qb2+ 38. Kd3 Qxb3+ 39. Kd4
Qxe3+ 40. Kxe3 Re8+ 41. Kd3 Ree2 42. Rb1 Reb2 43. Re1 Ra3+ 44. Kd4 Rd2# 0-1

[Event "Autumn Cup"]
[Site "Wellington Chess Club"]
[Date "2022.06.09"]
[Round "4.1"]
[White "Brockway, Andrew"]
[Black "Aldridge, Alan"]
[Result "1/2-1/2"]
[WhiteElo "1723"]
[BlackElo "1777"]

1. e4 e5 2. Nf3 Nc6 3. Bb5 Bc5 4. O-O d6 5. h3 Bd7 6. d3 Nf6 7. Bg5 h6 8. Bh4
Qc8 9. Bxc6 bxc6 10. Bxf6 gxf6 11. Kh2 Rg8 12. Nh4 Ke7 13. f4 Be3 14. fxe5 dxe5
15. Nf5+ Bxf5 16. Rxf5 Bf4+ 17. Rxf4 exf4 18. Qf3 Qe6 19. Qxf4 Qe5 20. Qxe5+
fxe5 21. Nd2 h5 22. Nc4 f6 23. Rf1 Rg6 24. Rf2 a5 25. a4 Ke6 26. g3 Rg5 27. Ne3
Rg6 28. Nc4 Rg5 29. Ne3 Rg6 1/2-1/2

[Event "Autumn Cup"]
[Site "Wellington Chess Club"]
[Date "2022.06.09"]
[Round "4.1"]
[White "Cilia Vincenti, David"]
[Black "Ker, Anthony"]
[Result "0-1"]
[WhiteElo "2194"]
[BlackElo "2443"]

1. d4 Nf6 2. Nf3 e6 3. e3 c5 4. Bd3 d5 5. b3 b6 6. Nbd2 Bb7 7. Bb2 Bd6 8. O-O
O-O 9. c4 Nbd7 10. Rc1 Rc8 11. Re1 Qe7 12. cxd5 exd5 13. dxc5 bxc5 14. Qe2 Rfe8
15. Ba6 Bxa6 16. Qxa6 Nb8 17. Qd3 Rcd8 18. Qf5 Nbd7 19. h4 h6 20. g3 Qe6 21.
Qxe6 Rxe6 22. Kg2 Be7 23. Red1 Ra6 24. a3 Kf8 25. Rc2 Rb8 26. Ne5 Nxe5 27. Bxe5
Rd8 28. a4 Ne8 29. Nf3 Rb6 30. Rd3 f6 31. Bb2 Nc7 32. Ba3 Na6 33. Rcd2 Ke8 34.
Rc2 Kf7 35. Nd2 f5 36. f4 Ke6 37. Kf3 h5 38. Kf2 Rdb8 39. Kf3 g6 40. Kf2 Nb4
41. Bxb4 Rxb4 42. Rcc3 Rc8 43. Nf3 Bf6 44. Rc2 c4 45. bxc4 dxc4 46. Ra3 Rb2 47.
Ra2 c3 48. Ne1 Rcb8 49. Ke2 Rxa2 0-1

[Event "Autumn Cup"]
[Site "Wellington Chess Club"]
[Date "2022.06.09"]
[Round "4.1"]
[White "Mangera, Muhammad"]
[Black "Manoharan, Sivaram"]
[Result "0-1"]
[WhiteElo "1367"]
[BlackElo "1500"]

1. e4 c5 2. Nf3 d6 3. d4 cxd4 4. Nxd4 Nf6 5. Nc3 a6 6. Bd3 e5 7. Nf3 Be7 8. O-O
Nbd7 9. Bg5 b5 10. Qd2 Bb7 11. a4 b4 12. Ne2 a5 13. Ng3 h6 14. Bxf6 Nxf6 15.
Rfe1 O-O 16. Nf5 Re8 17. Bb5 Nxe4 18. Rxe4 Bxe4 19. Bxe8 Bxf5 20. Bb5 Rc8 21.
Bd3 e4 22. Nd4 Bg5 23. Qd1 exd3 24. Nxf5 dxc2 25. Qe1 c1=Q 26. Rxc1 Rxc1 27.
Qxc1 Bxc1 28. b3 Qe8 29. Ng3 Qe1+ 30. Nf1 d5 31. h4 d4 32. h5 d3 33. g4 d2 34.
g5 hxg5 35. h6 gxh6 36. f4 d1=Q 37. fxg5 Qxf1+ 38. Kh2 Bf4# 0-1

[Event "Autumn Cup"]
[Site "Wellington Chess Club"]
[Date "2022.06.09"]
[Round "4.1"]
[White "Young, Cohen"]
[Black "Symon, Christopher"]
[Result "1-0"]
[WhiteElo "1860"]
[BlackElo "1888"]

1. e4 c5 2. Nf3 Nc6 3. d4 cxd4 4. Nxd4 g6 5. Be3 Bg7 6. Nc3 d6 7. Qd2 Nxd4 8.
Bxd4 Nf6 9. O-O-O O-O 10. f3 Be6 11. Kb1 a6 12. g4 b5 13. h4 h6 14. Ne2 Nd7 15.
h5 g5 16. Ng3 Ne5 17. Be2 Qc7 18. f4 Nc4 19. Qd3 f6 20. Nf5 Bxf5 21. exf5 Rfc8
22. Bf3 Rab8 23. Bd5+ Kf8 24. fxg5 fxg5 25. Bxg7+ Kxg7 26. f6+ exf6 27. Qg6+
Kf8 28. Rhf1 Ne5 29. Qxf6+ Ke8 30. Qe6+ Qe7 31. Rf8+ Kxf8 32. Qg8# 1-0

[Event "Autumn Cup"]
[Site "Wellington Chess Club"]
[Date "2022.06.09"]
[Round "4.1"]
[White "Zaslow, Henry"]
[Black "Archer, Ollie"]
[Result "0-1"]
[WhiteElo "1938"]
[BlackElo "1981"]

1. Nc3 Nf6 2. d4 e6 3. e4 d5 4. Bg5 dxe4 5. Nxe4 Be7 6. Nxf6+ Bxf6 7. Bxf6 Qxf6
8. Nf3 O-O 9. Bd3 c5 10. O-O Nc6 11. dxc5 Qxb2 12. Ng5 h6 13. Ne4 Qd4 14. c3
Qd5 15. Qe2 Ne5 16. Rfd1 f5 17. Nd6 Qxc5 18. Nxc8 Raxc8 19. Rab1 Qxc3 20. Rxb7
Nxd3 21. Rxd3 Qe5 22. Qd1 Rc7 23. Re3 Qd5 24. Rb1 Qxa2 25. g3 Rfc8 26. Ra1 Qxa1
27. Qxa1 Rc1+ 28. Re1 Rxa1 29. Rxa1 Rc7 30. Ra6 Kf7 31. f4 g5 32. Kf2 Rc2+ 33.
Ke3 Rxh2 34. Rxa7+ Kf6 35. Ra5 g4 36. Kd4 h5 37. Ra1 Rf2 38. Ra3 h4 0-1

[Event "Autumn Cup"]
[Site "Wellington Chess Club"]
[Date "2022.06.09"]
[Round "4.2"]
[White "Dive, Russell"]
[Black "Sole, Michael"]
[Result "1-0"]
[WhiteElo "2394"]
[BlackElo "2095"]

1. c4 e5 2. Nc3 d6 3. Nf3 f5 4. d4 e4 5. Ng5 Be7 6. h4 Nf6 7. Bf4 c6 8. e3 Na6
9. Be2 O-O 10. a3 h6 11. Nh3 Be6 12. h5 Nc7 13. Bg3 Bf7 14. Nf4 Ne6 15. Ng6
Bxg6 16. hxg6 d5 17. Qb3 Qd7 18. Be5 Rad8 19. Rc1 Nc7 20. Qxb7 Bd6 21. Bxd6
Qxd6 22. cxd5 cxd5 23. Na4 Rd7 24. Rc6 Nce8 25. Qa6 Qb8 26. Nc5 Rd6 27. b4 Nc7
28. Qa4 Rfd8 29. g3 Nfe8 30. Rh5 Qc8 31. Rxd6 Rxd6 32. Qxa7 Rxg6 33. b5 Na8 34.
a4 Nec7 35. a5 Qe8 36. Rxf5 1-0

[Event "Autumn Cup"]
[Site "Wellington Chess Club"]
[Date "2022.06.09"]
[Round "4.2"]
[White "Enegbuma, Wallace"]
[Black "Carlyle, Mathieson"]
[Result "1-0"]
[WhiteElo "1765"]
[BlackElo "1586"]

1. e4 e6 2. Nf3 d5 3. exd5 exd5 4. d4 Nf6 5. h3 c6 6. Bd3 Be7 7. O-O b6 8. Bf4
Ba6 9. a3 Bxd3 10. Qxd3 O-O 11. Nbd2 Nbd7 12. Rfe1 c5 13. dxc5 Nxc5 14. Qf1 Re8
15. Rad1 Na4 16. Be5 Qd7 17. b3 Nc5 18. Nd4 a6 19. a4 Nce4 20. Qd3 Bc5 21. Bxf6
Nxf6 22. N2f3 Ne4 23. Re3 b5 24. axb5 axb5 25. Rde1 h6 26. Nh4 b4 27. g4 Reb8
28. Kg2 Rb6 29. f3 Nc3 30. Nhf5 Kf8 31. Re5 Rg6 32. Nh4 Rga6 33. Qh7 f6 34.
Ne6+ Rxe6 35. Rxe6 Kf7 36. Qf5 Ra7 37. Qg6+ Kg8 38. Nf5 Ne4 39. Re8+ Qxe8 40.
Qxe8+ Kh7 41. fxe4 g6 42. Nh4 Rg7 43. exd5 f5 44. Re6 fxg4 45. hxg4 g5 46. Nf5
Bf8 47. Qxf8 1-0

[Event "Autumn Cup"]
[Site "Wellington Chess Club"]
[Date "2022.06.09"]
[Round "4.2"]
[White "Langford, Josh"]
[Black "Jackson, Ross"]
[Result "1-0"]
[WhiteElo "1969"]
[BlackElo "1923"]

1. e4 c5 2. Nf3 d6 3. d4 cxd4 4. Nxd4 Nf6 5. Nc3 g6 { Unexpected from Ross,
najdorf would've been his style } 6. Be3 Bg7 7. f3 O-O 8. Qd2 Nc6 9. O-O-O Bd7
10. g4 Rc8 11. h4 h5 12. gxh5 Nxh5 13. Rg1 a6 { A bit slow I thought. The usual
idea is Ne5-Nc4 afaik } 14. Be2 b5 15. Rg5 Nxd4 16. Bxd4 Bxd4 17. Qxd4 Nf4 18.
Qd2 (18. Rdg1 $4 Rxc3 $1 { Almost fell for this... oops } 19. Qxc3 Nxe2+) 18...
Nxe2+ $4 19. Nxe2 Qc7 20. h5 Kg7 21. Rdg1 e5 { Not sure this is the best way to
defend. } 22. c3 { Russell style, now the tactics work out since my queen isn't
tied down }  (22. hxg6 f6 23. Rh5 Rh8 24. Rh7+ Rxh7 25. gxh7+ Kh8 26. Nf4 exf4
27. Qg2 { Saw this far but couldn't trust myself. and rightly so } 27... Be6 $1
{ And g8/g7 are defended } ) 22... b4 23. hxg6 f6 24. Rh5 Rh8 25. Qd5 $1 Bc6 (
25... Rxh5 26. Qf7+ Kh8 27. g7+ Kh7 28. g8=Q+ Kh6 { A plethora of mate in 1s :)
} ) 26. Rh7+ Rxh7 27. gxh7+ Kxh7 28. Qe6 { 1-0 and mate follows } 1-0

[Event "Autumn Cup"]
[Site "Wellington Chess Club"]
[Date "2022.06.09"]
[Round "4.2"]
[White "Webster, Jamie"]
[Black "Cooke, Xandi"]
[Result "1/2-1/2"]
[WhiteElo "1761"]
[BlackElo "1433"]

1. e4 c5 2. Nf3 e6 3. d4 cxd4 4. Nxd4 a6 5. c4 Nf6 6. Nc3 Bb4 7. f3 Qc7 8. Bd2
O-O 9. Be2 Nc6 10. Nxc6 Qxc6 11. e5 Ne8 12. Ne4 Be7 13. Qc2 f6 14. f4 fxe5 15.
fxe5 d5 16. Ng5 Bxg5 17. Bxg5 dxc4 18. Bf3 Qc7 19. O-O-O Qxe5 20. h4 Qc5 21.
Rhe1 Rb8 22. Be4 Rf2 23. Bxh7+ Kh8 24. Qg6 Qb5 25. Rd2 Rxd2 26. Bxd2 Nf6 27.
Bc3 Qh5 28. Bxf6 Qxg6 29. Bxg6 gxf6 1/2-1/2

[Event "Autumn Cup"]
[Site "Wellington Chess Club"]
[Date "2022.06.09"]
[Round "4.2"]
[White "Winsley, Nicholas"]
[Black "Malcolm, Aidan"]
[Result "1/2-1/2"]
[WhiteElo "1882"]
[BlackElo "1787"]

1. d4 d5 2. Nf3 Nf6 3. e3 c5 4. b3 cxd4 5. exd4 Nc6 6. Bd3 Bg4 7. Bb2 Qa5+ 8.
Bc3 Qc7 9. Nbd2 e6 10. a3 Bd6 11. h3 Bh5 12. O-O O-O 13. Bb2 e5 14. dxe5 Nxe5
15. Be2 Bg6 16. Rc1 Rac8 17. c4 Nd3 18. Bxd3 Bxd3 19. cxd5 Qa5 20. Nc4 Rxc4 21.
Qxd3 Rxc1 22. Rxc1 Qxd5 23. Qxd5 Nxd5 24. Rd1 Rd8 25. Rxd5 Bh2+ 26. Kxh2 Rxd5
27. Nd4 h6 28. g4 g6 29. Kg3 h5 30. Kf4 hxg4 31. hxg4 a6 32. Ke4 Rd8 33. Ke5
Rd7 34. Kf6 Rd5 35. f4 Rd6+ 36. Ke7 Rd5 37. f5 gxf5 38. gxf5 a5 39. f6 Rh5 40.
Nf3 Rh3 41. Ne5 Rxb3 42. Bd4 Rxa3 43. Nxf7 Rf3 44. Ng5 Rxf6 45. Bxf6 b5 46. Kd6
b4 47. Kc5 b3 48. Kb5 a4 49. Kxa4 Kf8 50. Kxb3 Ke8 51. Kc4 Kd7 52. Kc5 Kc7 53.
Ne6+ Kb7 54. Be7 Ka6 55. Kc6 Ka5 56. Nd4 Ka4 57. Bc5 Ka5 58. Be7 Ka4 59. Kc5
Ka5 60. Nc2 Ka6 61. Nb4+ Kb7 62. Bd8 Kc8 63. Ba5 Kd7 64. Nd5 Ke6 65. Bc3 Kf5
66. Kd6 Ke4 67. Nf6+ Kf3 68. Ke5 Ke3 69. Ne4 Kf3 70. Bd2 Ke2 71. Kd4 Kf3 72.
Ng5+ Ke2 73. Kc3 Kf2 74. Kd3 Kg3 75. Ke3 Kg4 76. Ke4 Kg3 77. Bf4+ Kf2 78. Nf7
Kg2 79. Ne5 Kf2 80. Nd3+ Kg2 81. Bc7 Kf1 82. Kf3 Kg1 83. Bg3 Kf1 84. Nf4 Kg1
85. Nh3+ Kf1 86. Nf2 Kg1 87. Ne4 Kf1 88. Bd6 Kg1 89. Ng3 Kh2 90. Ne4+ Kh1 91.
Nf2+ Kg1 92. Nh3+ Kf1 93. Be5 Ke1 94. Ke3 Kf1 95. Kf3 Ke1 96. Ng1 Kd2 97. Ke4
Ke1 98. Bd4 Kf1 99. Kf3 Ke1 100. Ke3 1/2-1/2

[Event "Autumn Cup"]
[Site "Wellington Chess Club"]
[Date "2022.06.09"]
[Round "4.3"]
[White "Croad, Nicolas"]
[Black "Winter, Ryan"]
[Result "1/2-1/2"]
[WhiteElo "2441"]
[BlackElo "2173"]

1. d4 Nf6 2. c4 e6 3. Nf3 d5 4. Nc3 Be7 5. Bf4 O-O 6. e3 c6 7. h3 Nbd7 8. c5
Ne4 9. Bd3 Nxc3 10. bxc3 b6 11. cxb6 axb6 12. Qc2 h6 13. O-O Ba6 14. c4 dxc4
15. Bxc4 c5 16. Bxa6 Rxa6 17. Rfd1 Qa8 18. Ne5 Nxe5 19. Bxe5 Rc8 20. dxc5 Rxc5
21. Qb2 Rxe5 22. Qxe5 Bf6 23. Qc7 Ra7 24. Qxb6 Rb7 25. Qd6 Bxa1 26. Rxa1 Rb2
27. a4 Qa5 28. Qc6 g6 29. Qc8+ Kh7 30. Qc1 Rb7 31. Qe1 Qa6 32. a5 Ra7 33. Qf1
Qc6 34. a6 Qd5 35. h4 h5 36. g3 Qe5 37. Ra4 Qd5 38. Qa1 e5 39. Qe1 Qf3 40. Ra1
Qc6 41. Qa5 Qd6 42. Qb5 Qe6 43. e4 Qf6 44. Kg2 Qe6 45. Ra3 Kg7 46. Ra5 Qd6 47.
Qc4 Qf6 48. Qa4 Qd6 49. Qa1 Kh7 50. Qa3 Qe6 51. Qd3 Kg7 52. Qb5 Qf6 53. Ra3 Qe6
54. Ra4 Qf6 55. Ra5 Qe6 56. Qb8 Rxa6 57. Rxe5 Qd6 58. Qe8 Ra2 59. Qe7 Qd4 60.
Qc5 Rxf2+ 61. Kg1 Qxc5 62. Rxc5 Re2 63. Rc4 Kf6 64. Kf1 Ra2 65. Rb4 Ke5 66. Rc4
Rd2 67. Rc7 Ke6 68. Rc4 Ke5 1/2-1/2

[Event "Autumn Cup"]
[Site "Wellington Chess Club"]
[Date "2022.06.09"]
[Round "4.3"]
[White "Forster, Bill"]
[Black "Chen, Wei Kai"]
[Result "0-1"]
[WhiteElo "2034"]
[BlackElo "1987"]

1. d4 f5 2. Bg5 g6 3. h4 Bg7 4. h5 h6 5. Bf4 g5 6. Bg3 Nf6 7. e3 O-O 8. Nc3 d5
9. Nf3 c6 10. Ne5 Ne4 11. Bh2 Nd7 12. Qd3 Nxe5 13. Bxe5 Bxe5 14. dxe5 Qc7 15.
f4 Be6 16. Nxe4 dxe4 17. Qc3 Rad8 18. Be2 g4 19. a3 Rd7 20. Rd1 Rfd8 21. Rxd7
Qxd7 22. Kf2 Qe8 23. Bc4 Bd5 24. Bxd5+ Rxd5 25. Ke2 e6 26. g3 Qd7 27. Rc1 b6
28. Qe1 Qe8 29. Qh1 c5 30. c4 Rd3 31. Rd1 Qd7 32. Qe1 a6 33. Rd2 b5 34. cxb5
Qxb5 35. Kf2 c4 36. Rxd3 exd3 37. Qc3 Qd5 38. Qd4 Qf3+ 39. Ke1 Qe2# 0-1

[Event "Autumn Cup"]
[Site "Wellington Chess Club"]
[Date "2022.06.09"]
[Round "4.3"]
[White "Lawrence, Hugo"]
[Black "Scott, Callum"]
[Result "0-1"]
[WhiteElo "1767"]
[BlackElo "1673"]

1. e4 c5 2. d4 cxd4 3. c3 d3 4. Nf3 Nc6 5. Bxd3 Nf6 6. O-O g6 7. e5 Nh5 8. Nbd2
d6 9. exd6 Qxd6 10. Nc4 Qc7 11. Re1 Bg7 12. Qe2 O-O 13. Nce5 Nxe5 14. Nxe5 Be6
15. Ng4 Nf4 16. Bxf4 Qxf4 17. Ne5 Rad8 18. Bc2 Rd2 19. Qe4 Qxf2+ 20. Kh1 Rxc2
21. Rf1 Qe2 22. Qxb7 Qxe5 23. Rae1 Re2 0-1

[Event "Autumn Cup"]
[Site "Wellington Chess Club"]
[Date "2022.06.09"]
[Round "4.3"]
[White "Lyall, Gordon"]
[Black "Wilkins, Mark"]
[Result "1/2-1/2"]
[WhiteElo "1977"]
[BlackElo "1933"]

1. d4 Nf6 2. c4 e6 3. g3 Bb4+ 4. Nd2 d5 5. Bg2 O-O 6. Nf3 Nc6 7. O-O Re8 8. e3
e5 9. dxe5 Nxe5 10. Nxe5 Rxe5 11. a3 Be7 12. b4 Bg4 13. Qb3 c6 14. h3 Bd7 15.
Qc3 Qc7 16. Bb2 Rh5 17. h4 Ne8 18. Qc2 dxc4 19. f4 b5 20. e4 Bg4 21. e5 Rd8 22.
Nf3 Rd3 23. Rad1 Qb6+ 24. Bd4 c5 25. bxc5 Bxc5 26. Rxd3 Bxf3 27. Rdxf3 Bxd4+
28. Kh2 f5 29. Rd1 Nc7 30. a4 a6 31. axb5 axb5 32. Ra3 Qc5 33. Ra5 Ne6 34. Bf3
Nxf4 35. Bxh5 Nxh5 36. Qe2 g6 37. e6 Qd6 38. Qf3 Nf6 39. Kh3 Ne4 40. Rxd4 Qxd4
41. e7 Kf7 42. Ra8 Kxe7 43. Qa3+ Qc5 44. Ra7+ Kd6 45. Qa6+ Qc6 46. Qa3+ Kd5 47.
Qe7 Qe6 48. Qb7+ Qc6 49. Qf7+ Qe6 50. Qb7+ 1/2-1/2